Normal view
MARC view
- Philosophy Educational law and legislation
Entry Topical Term
001 - CONTROL NUMBER
- control field: 23999
003 - CONTROL NUMBER IDENTIFIER
- control field: OSt
005 - DATE AND TIME OF LATEST TRANSACTION
- control field: 20171204234526.0
008 - FIXED-LENGTH DATA ELEMENTS
- fixed length control field: 171204|| aca||babn | a|a d
040 ## - CATALOGING SOURCE
- Original cataloging agency: OSt
150 ## - HEADING--TOPICAL TERM
- Topical term or geographic name entry element: Philosophy Educational law and legislation
- Geographic subdivision: United States
